000 02259cam a22004694a 4500
001 13518560
003 OSt
005 20160711181555.0
007 co ugu||||||||
008 040311s2004 stka b 001 0 eng
010 _a 2004047792
015 _aGBA445400
_2bnb
016 7 _a012937304
_2Uk
016 7 _a101210457
_2DNLM
020 _a9780443074851 (pbk.)
020 _a0443074852
035 _a(OCoLC)ocm54818775
040 _aDNLM/DLC
_cDLC
_dYDX
_dNLM
_dUKM
_dBAKER
_dOCLCQ
_dYDXCP
_dLVB
_dOCLCG
_dTEU
_dDLC
042 _apcc
082 _aWA 353
_b19p 2004
100 1 _aIrwin, Terry,
_910109
245 1 0 _aPerfect medical presentations :
_bcreating effective PowerPoint presentations for the healthcare professional /
_cTerry Irwin, Julie Terberg ; foreword by Geoffrey Glazer.
260 _aEdinburgh ;
_aNew York :
_bChurchill Livingstone,
_c2004.
300 _axiii, 229 p. :
_bcol.ill ;
_c25 cm. +
_e1 CD-ROM (4 3/4 in.)
500 _aIncludes index.
504 _aIncludes bibliographical references and index.
505 8 _aCD-ROM contents: Files to complete exercises from text -- 20 PowerPoint templates.
538 _aSystem requirements for accompanying CD-ROM: Microsoft Windows 95 OSR 2.0, 98 SE, Millennium, Windows NTI 4.0 with service pack 5, or Windows 2000.
538 _aSystem requirements for accompanying CD-ROM: Mac OS software version 8.6, 9.0.4, or Mac OS X.
630 0 0 _aMicrosoft PowerPoint (Computer file)
_910110
650 0 _aMedical informatics.
_910111
650 0 _aSlides (Photography)
_xData processing.
_910112
650 1 2 _aAudiovisual Aids.
_910113
650 2 2 _aComputer Graphics.
_9675
650 2 2 _aSoftware Design.
_910114
700 1 _aTerberg, Julie.
_910115
776 0 8 _iOnline version:
_aIrwin, Terry, MD.
_tPerfect medical presentations.
_dEdinburgh ; New York : Churchill Livingstone, 2004
_w(OCoLC)606123183
776 0 8 _iOnline version:
_aIrwin, Terry, MD.
_tPerfect medical presentations.
_dEdinburgh ; New York : Churchill Livingstone, 2004
_w(OCoLC)607467008
906 _a7
_bcbc
_corignew
_d1
_eocip
_f20
_gy-gencatlg
942 _2z
_cO_SHELF
999 _c4701
_d4701